000 00671nam a2200205Ia 4500
003 GCL
008 140319s9999 xx 000 0 ara d
040 _aGCL /
_cGCL
082 0 4 _a001.5
_bن ف
100 1 _aنوال محمد عمر
245 1 0 _aفن صناعة الخبر فى الاذاعة والتليفزيون /
_cنوال محمد عمر
260 _aالقاهرة :
_bدار الفكر العربى ،
_c1993
300 _a143 ص
490 _aالهيئة العامة للاستعلامات
_v0
650 0 4 _aالتليفزيون
650 0 4 _aالاعلام
650 0 4 _aالاعلام الدولى
650 0 4 _aالاذاعة
942 _2ddc
_cBK
999 _c51870
_d51870